| 000 | 00726nam a22002292 4500 | ||
|---|---|---|---|
| 001 | 0000006923 | ||
| 005 | 20151217145833.0 | ||
| 008 | 071026s xx 000 0 eng d | ||
| 020 |
_a074943452x : _cKES |
||
| 040 |
_aKABU _cKABU |
||
| 100 | 1 |
_aMoon, Jennifer A. _@0000157902 |
|
| 245 | 1 | 0 |
_aReflection in learning & professional development : _btheory and practice / _cJennifer A. Moon. |
| 260 |
_aLondon : _bKogan Page, _c1999. |
||
| 300 | _ax, 229 p. | ||
| 650 | 0 |
_aLearning. _@0000153525 |
|
| 908 | _a071026 | ||
| 950 | _@1 | ||
| 999 |
_c3125 _d3125 |
||